South Eastern Kenya University

Library Online Public Access Catalogue


I am because we are / (Record no. 13233)

MARC details
000 -LEADER
fixed length control field 00600cam a22001937a 4500
020 ## - ISBN
International Standard Book Number 9781576874820 (hbk.)
020 ## - ISBN
International Standard Book Number 1576874826 (hbk.)
050 00 - LIBRARY OF CONGRESS CALL NUMBER
Classification Number RA643.86.A356
Item Number A84 2009
100 1# - MAIN ENTRY--Author
Personal name Ashburn, Kristen.
245 10 - TITLE
Title I am because we are /
Statement of responsibility, etc photographs by Kristen Ashburn ; foreword by Madonna.
250 ## - EDITIONSTATEMENT
Edition statement 1st ed.
260 ## - PUBLICATION, DISTRIBUTION, ETC.(IMPRINT)
Place of publication, distribution, etc Brooklyn, NY :
Name of publisher, distributor, etc PowerHouse,
Date of publication, distribution, etc 2009.
300 ## - PHYSICAL DESCRIPTION
Extent 179 p. :
500 ## - GENERALNOTE
General note Film tie-in.
650 #0 - SUBJECT--TOPIC
General subdivision Social aspects
Form subdivision Pictorial works.
650 #0 - SUBJECT--TOPIC
General subdivision Social conditions
Form subdivision Pictorial works.
650 #0 - SUBJECT--TOPIC
General subdivision Social conditions
Form subdivision Pictorial works.
942 ## - ADDED ENTRY ELEMENTS(KOHA)
Source of classification or shelving scheme Library of Congress Classification
Koha item type General circulation
Holdings
Source of classification or shelving scheme Not for loan Location (home branch) Sublocation (holding branch) Shelving location Date accessioned Full call number Barcode Koha item type Public note
Library of Congress Classification   Main Campus Library Main Campus Library   04/05/2016 RA643.86.A356 A84 2009 2015/006633 General circulation amm
Kitui, Kenya.
+254736116989
library@seku.ac.ke